000 00350nam a2200145Ia 4500
008 191201s1991 xx 000 0 und d
082 _a6212.3
_bKOB
100 _aKothari, D P
245 0 _aBasic Electrical Engineering
250 _a2nd
260 _aN.Delhi
_bTata mc Graw Hill
_c1991
300 _a667
650 _aB.Tech(ECE)
942 _2ddc
_cBK
_01
999 _c955
_d955